000 00315nam a22001337a 4500
008 170605b xxu||||| |||| 00| 0 eng d
020 _a9780521002813
041 _aeng
080 _a94
100 _a18
101 _aSHH
245 _aRISING LIFE EXPECTANCY A GLOBAL HISTORY
_cRILEY.J.C
942 _2udc
_cBK
999 _c15859
_d15859